[Event "Poznan op 28th"]
[Site "Poznan"]
[Date "2021.08.18"]
[Round "5"]
[White "Mackiewicz, Piotr"]
[Black "Twardowski, Hubert"]
[Result "1/2-1/2"]
[WhiteElo "1771"]
[BlackElo "1877"]
[PlyCount "92"]
[EventDate "2021.08.15"]
[EventType "swiss"]
[EventRounds "9"]
[EventCountry "POL"]
[SourceTitle "CBM 203 Extra"]
[Source "ChessBase"]
[SourceDate "2021.09.30"]
[SourceVersion "1"]
[SourceVersionDate "2021.09.30"]
[SourceQuality "1"]

1. d4 Nf6 2. c4 c5 3. Nf3 g6 4. Nc3 Bg7 5. g3 0-0 6. Bg2 cxd4 7. Nxd4 Nc6 8. 0-0 Qb6 9. Nxc6 dxc6 10. Qc2 e5 11. e4 Be6 12. b3 Qc7 13. Bb2 Rad8 14. Rad1 Rxd1 15. Rxd1 h5 16. h3 Rd8 17. Rxd8+ Qxd8 18. Qd1 Qd4 19. Qxd4 exd4 20. Ne2 c5 21. Nc1 Nd7 22. f4 Nb8 23. Nd3 b6 24. Kf2 Nc6 25. Kf3 a6 26. g4 hxg4+ 27. hxg4 Bd7 28. Bc1 Kf8 29. Bd2 Ke7 30. b4 Nxb4 31. Nxb4 cxb4 32. Bxb4+ Kd8 33. f5 Be5 34. Ke2 Kc7 35. Kd3 Kc6 36. Bf3 Bc8 37. Bd1 g5 38. Ba4+ b5 39. cxb5+ axb5 40. Bb3 f6 41. Bd5+ Kb6 42. Ba3 Ba6 43. Bb4 Bc8 44. Kc2 Bd7 45. Kd3 Bc8 46. Kc2 Bd7 1/2-1/2

[Event "Rewal op-B 15th"]
[Site "Rewal"]
[Date "2010.08.20"]
[Round "2"]
[White "Rabeda, Grzegorz"]
[Black "Mackiewicz, Piotr"]
[Result "1/2-1/2"]
[WhiteElo "1494"]
[BlackElo "1764"]
[PlyCount "77"]
[EventDate "2010.08.18"]
[EventType "swiss"]
[EventRounds "9"]
[EventCountry "POL"]
[SourceTitle "EXT 2014"]
[Source "ChessBase"]
[SourceDate "2013.11.20"]
[SourceVersion "1"]
[SourceVersionDate "2013.11.20"]
[SourceQuality "1"]

1. d4 d5 2. c4 c6 3. Nc3 Nf6 4. Bf4 e6 5. e3 Bd6 6. Bxd6 Qxd6 7. c5 Qc7 8. Nf3 Nbd7 9. Bd3 0-0 10. Qc2 e5 11. dxe5 Nxe5 12. Nxe5 Qxe5 13. Ne2 Bg4 14. 0-0 Rfe8 15. Ng3 Rad8 16. h3 Be6 17. Rfe1 d4 18. e4 g6 19. Ne2 Nh5 20. b4 Qg5 21. Qc1 Qxc1 22. Rexc1 g5 23. g4 Ng7 24. f4 gxf4 25. Nxf4 Bd7 26. Kg2 Re5 27. Kf3 h5 28. Rh1 a5 29. a3 Rg5 30. Rag1 hxg4+ 31. hxg4 axb4 32. axb4 Ra8 33. Nh5 Nxh5 34. gxh5 Rxg1 35. Rxg1+ Kh7 36. e5+ Kh6 37. Ke4 Be6 38. Kxd4 Kxh5 39. Bc4 1/2-1/2

[Event "Rewal op-B 14th"]
[Site "Rewal"]
[Date "2009.08.28"]
[Round "8"]
[White "Mackiewicz, Piotr"]
[Black "Mockun, Dawid"]
[Result "1-0"]
[WhiteElo "1795"]
[BlackElo "1627"]
[PlyCount "59"]
[EventDate "2009.08.20"]
[EventType "swiss"]
[EventRounds "9"]
[EventCountry "POL"]
[SourceTitle "EXT 2011"]
[Source "ChessBase"]
[SourceDate "2010.11.26"]
[SourceVersion "1"]
[SourceVersionDate "2010.11.26"]
[SourceQuality "1"]

1. d4 d5 2. c4 e6 3. Nf3 Nf6 4. Nc3 Be7 5. Bf4 a6 6. e3 Nbd7 7. a4 c6 8. cxd5 exd5 9. Bd3 Nf8 10. 0-0 Ng6 11. Bg3 0-0 12. Re1 Bg4 13. Qb3 Bxf3 14. gxf3 Qd7 15. a5 Kh8 16. Na4 Ra7 17. Nb6 Qd8 18. Rad1 h5 19. Bxg6 fxg6 20. Be5 g5 21. Kh1 Nd7 22. f4 Nxe5 23. dxe5 gxf4 24. e4 d4 25. Qh3 Bb4 26. Qxh5+ Kg8 27. Rg1 Bxa5 28. Rxg7+ Kxg7 29. Rg1+ Qg5 30. Rxg5# 1-0

[Event "Rewal op-B 14th"]
[Site "Rewal"]
[Date "2009.08.25"]
[Round "5"]
[White "Miechowicz, Witold"]
[Black "Mackiewicz, Piotr"]
[Result "1-0"]
[WhiteElo "1979"]
[BlackElo "1795"]
[PlyCount "87"]
[EventDate "2009.08.20"]
[EventType "swiss"]
[EventRounds "9"]
[EventCountry "POL"]
[SourceTitle "EXT 2011"]
[Source "ChessBase"]
[SourceDate "2010.11.26"]
[SourceVersion "1"]
[SourceVersionDate "2010.11.26"]
[SourceQuality "1"]

1. e4 c6 2. d4 d5 3. f3 e6 4. Be3 Nf6 5. Bd3 Be7 6. Ne2 0-0 7. 0-0 Nbd7 8. c3 b6 9. e5 Ne8 10. Nd2 c5 11. f4 f5 12. exf6 Bxf6 13. Ng3 Nd6 14. Nf3 Nc4 15. Bc1 Re8 16. b3 Nd6 17. Ne5 Nf8 18. Be3 Qc7 19. Rc1 c4 20. Bb1 Nf5 21. Bf2 Bxe5 22. fxe5 g6 23. Qg4 Qg7 24. Kh1 cxb3 25. axb3 Ba6 26. Rfe1 Rac8 27. Ne2 Rc7 28. Nf4 Rec8 29. Qf3 b5 30. g4 Ne7 31. b4 Rb8 32. Be3 Bc8 33. Rf1 Bd7 34. Bd2 Rc6 35. Nd3 Be8 36. Qh3 g5 37. Nc5 Nd7 38. Bxg5 Ng6 39. Nd3 Rbc8 40. Nf4 Nxf4 41. Bxf4 Bg6 42. Bh6 Qe7 43. Bxg6 hxg6 44. Rf3 1-0

[Event "Lubawka op 2nd"]
[Site "Lubawka"]
[Date "2007.07.09"]
[Round "5"]
[White "Mackiewicz, Piotr"]
[Black "Krupa, Bartlomiej"]
[Result "1/2-1/2"]
[WhiteElo "1777"]
[BlackElo "2086"]
[PlyCount "93"]
[EventDate "2007.07.07"]
[EventType "swiss"]
[EventRounds "9"]
[EventCountry "POL"]
[SourceTitle "CBM 119 Extra"]
[Source "ChessBase"]
[SourceDate "2007.09.04"]
[SourceVersion "1"]
[SourceVersionDate "2007.09.04"]
[SourceQuality "1"]

1. d4 Nf6 2. c4 g6 3. Nc3 Bg7 4. e4 d6 5. Nf3 0-0 6. Be2 e5 7. h3 c6 8. dxe5 dxe5 9. 0-0 Qc7 10. Qc2 Nbd7 11. Be3 Nh5 12. g3 Re8 13. Nd2 Ndf6 14. Kg2 Be6 15. c5 Rad8 16. Nc4 Bxc4 17. Bxc4 Qe7 18. Rad1 Kh8 19. b4 Ng8 20. Be2 a6 21. a4 Nhf6 22. Qb3 Nd7 23. Rd2 Nf8 24. Bc4 Rxd2 25. Bxd2 Ne6 26. Bxe6 Qxe6 27. Qxe6 Rxe6 28. Be3 f5 29. f3 Nf6 30. Rd1 Kg8 31. g4 f4 32. Bf2 g5 33. Kf1 Kf7 34. Ke2 Ke7 35. Kd3 Nd7 36. Kc4 Rh6 37. Rh1 Nf8 38. h4 gxh4 39. Rxh4 Rxh4 40. Bxh4+ Kd7 41. b5 axb5+ 42. axb5 Ne6 43. Ne2 Kc7 44. Be7 Kd7 45. Bh4 Nc7 46. Nc3 Ne6 47. Ne2 1/2-1/2

[Event "Lubawka op 2nd"]
[Site "Lubawka"]
[Date "2007.07.07"]
[Round "1"]
[White "Surman, Martin"]
[Black "Mackiewicz, Piotr"]
[Result "1-0"]
[WhiteElo "2080"]
[BlackElo "1777"]
[PlyCount "87"]
[EventDate "2007.07.07"]
[EventType "swiss"]
[EventRounds "9"]
[EventCountry "POL"]
[SourceTitle "CBM 119 Extra"]
[Source "ChessBase"]
[SourceDate "2007.09.04"]
[SourceVersion "1"]
[SourceVersionDate "2007.09.04"]
[SourceQuality "1"]

1. e4 c5 2. Nf3 d6 3. d4 cxd4 4. Nxd4 Nf6 5. f3 a6 6. c4 e6 7. Nc3 Nc6 8. Be3 Bd7 9. Be2 Rc8 10. Nxc6 Bxc6 11. 0-0 Be7 12. b4 0-0 13. Qb3 Bd7 14. Rfd1 Kh8 15. Rd2 e5 16. Rc1 Be6 17. Rdc2 b5 18. Nd5 Nxd5 19. cxd5 Bd7 20. Rxc8 Bxc8 21. Qc3 h6 22. Qc7 Bg5 23. Bxg5 Qxg5 24. Kf2 Qh4+ 25. Kf1 Qxh2 26. Qxd6 Qh1+ 27. Kf2 Qxc1 28. Qxf8+ Kh7 29. Qc5 Qxc5+ 30. bxc5 Kg8 31. c6 Kf8 32. d6 Be6 33. a3 Ke8 34. Ke3 f5 35. Kd2 fxe4 36. fxe4 g5 37. Kc3 g4 38. Kb4 h5 39. Ka5 Bc4 40. Bxc4 bxc4 41. c7 Kd7 42. Kb6 c3 43. Kb7 c2 44. c8Q+ 1-0

[Event "Rewal op 11th"]
[Site "Rewal"]
[Date "2006.08.27"]
[Round "9"]
[White "Miturova, Magdalena"]
[Black "Mackiewicz, Piotr"]
[Result "1/2-1/2"]
[WhiteElo "1888"]
[BlackElo "1777"]
[PlyCount "85"]
[EventDate "2006.08.21"]
[EventType "swiss"]
[EventRounds "11"]
[EventCountry "POL"]
[SourceTitle "EXT 2010"]
[Source "ChessBase"]
[SourceDate "2010.11.25"]
[SourceVersion "1"]
[SourceVersionDate "2010.11.25"]
[SourceQuality "1"]

1. e4 c6 2. d4 d5 3. exd5 cxd5 4. Bd3 Nf6 5. c3 g6 6. Bf4 Bg7 7. Nf3 0-0 8. 0-0 Nc6 9. Nbd2 Nh5 10. Bg5 h6 11. Bh4 Nf4 12. Bc2 g5 13. Bg3 Nh5 14. Qe2 Nxg3 15. fxg3 f5 16. Kh1 e6 17. Rae1 Bd7 18. Ne5 Nxe5 19. dxe5 Qb6 20. Nb3 a5 21. Bd3 Rf7 22. Nd4 Bf8 23. Bb1 Bc5 24. Qd2 Bxd4 25. cxd4 Bb5 26. Rf3 Rc8 27. Rc3 Rxc3 28. bxc3 Rc7 29. Qc2 h5 30. Qd2 Rg7 31. Bc2 Qc6 32. Re3 Bc4 33. Rf3 Qb6 34. Bd1 Qb1 35. Rf2 Bxa2 36. Rf1 Bc4 37. Be2 Qb5 38. Bxc4 Qxc4 39. Ra1 a4 40. Qd1 b5 41. Qxh5 Qc6 42. h3 g4 43. h4 1/2-1/2

[Event "Rewal op 11th"]
[Site "Rewal"]
[Date "2006.08.24"]
[Round "5"]
[White "Polok, Kacper"]
[Black "Mackiewicz, Piotr"]
[Result "0-1"]
[WhiteElo "1836"]
[BlackElo "1777"]
[PlyCount "110"]
[EventDate "2006.08.21"]
[EventType "swiss"]
[EventRounds "11"]
[EventCountry "POL"]
[SourceTitle "EXT 2010"]
[Source "ChessBase"]
[SourceDate "2010.11.25"]
[SourceVersion "1"]
[SourceVersionDate "2010.11.25"]
[SourceQuality "1"]

1. e4 c6 2. d4 d5 3. e5 Bf5 4. h4 h5 5. c4 e6 6. Nc3 Ne7 7. Nf3 Nd7 8. c5 a5 9. Be3 Bg4 10. Be2 Nf5 11. Ng5 Nxe3 12. fxe3 Bxe2 13. Qxe2 Be7 14. Nf3 b5 15. Kd2 f6 16. exf6 Bxf6 17. Qd3 0-0 18. Qg6 Qe8 19. Qxe8 Raxe8 20. a4 b4 21. Ne2 e5 22. Rae1 Re7 23. Ng3 g6 24. Rhf1 Kg7 25. Kc2 e4 26. Ng5 Kh6 27. Kd2 Bxg5 28. hxg5+ Kxg5 29. Rxf8 Nxf8 30. Rf1 Ne6 31. Ne2 Kh6 32. Nc1 Kg7 33. Nb3 Ra7 34. Ke2 Nd8 35. Rf2 Nb7 36. Kf1 Ra8 37. g3 Re8 38. Kg2 g5 39. Kh3 Kg6 40. g4 hxg4+ 41. Kxg4 Rh8 42. Kg3 Rh1 43. Rf8 Rg1+ 44. Kh3 Re1 45. Nxa5 Rxe3+ 46. Kg4 Nxa5 47. Ra8 Nc4 48. a5 Nxb2 49. a6 Ra3 50. a7 Kf7 51. Rh8 e3 52. a8Q Rxa8 53. Rxa8 e2 54. Ra1 Nd3 55. Kf3 e1Q 0-1

[Event "Rewal op 11th"]
[Site "Rewal"]
[Date "2006.08.23"]
[Round "4"]
[White "Mackiewicz, Piotr"]
[Black "Demidowicz, Maria"]
[Result "0-1"]
[WhiteElo "1777"]
[BlackElo "1953"]
[PlyCount "78"]
[EventDate "2006.08.21"]
[EventType "swiss"]
[EventRounds "11"]
[EventCountry "POL"]
[SourceTitle "EXT 2010"]
[Source "ChessBase"]
[SourceDate "2010.11.25"]
[SourceVersion "1"]
[SourceVersionDate "2010.11.25"]
[SourceQuality "1"]

1. b3 e5 2. Bb2 Nc6 3. e3 Nf6 4. c4 g6 5. d3 Bg7 6. Nf3 d6 7. Be2 0-0 8. 0-0 Nd7 9. Qc2 f5 10. Nbd2 g5 11. d4 g4 12. Ne1 exd4 13. e4 Nc5 14. a3 Qe7 15. f3 Qg5 16. f4 Qe7 17. Bd3 Nxd3 18. Qxd3 Bd7 19. Rf2 Rae8 20. Re2 Qf6 21. g3 Qg6 22. Nc2 fxe4 23. Nxe4 Bf5 24. Rae1 Re7 25. Bxd4 Rfe8 26. Bxg7 Rxe4 27. Be5 R4xe5 28. Rxe5 Rxe5 29. Qd2 Rxe1+ 30. Nxe1 Qe6 31. Ng2 Qe4 32. Ne3 Nd4 33. Kf2 Qf3+ 34. Ke1 Qh1+ 35. Kf2 Qxh2+ 36. Ke1 Nf3+ 37. Kf1 Nxd2+ 38. Ke1 Nf3+ 39. Kf1 Bd3# 0-1

[Event "IECG CE.2002.0.00035 email"]
[Site "IECG email"]
[Date "2002.08.24"]
[Round "?"]
[White "Andre, Ricardo"]
[Black "Mackiewicz, Piotr"]
[Result "0-1"]
[WhiteElo "1363"]
[BlackElo "1300"]
[PlyCount "44"]
[EventDate "2002.08.24"]
[EventType "tourn (corr)"]
[EventRounds "6"]
[SourceTitle "Corr 2008"]
[Source "ChessBase"]
[SourceDate "2008.06.24"]
[SourceVersion "1"]
[SourceVersionDate "2008.06.24"]
[SourceQuality "1"]

1. g3 d5 2. f4 Nf6 3. Bg2 Bf5 4. Nf3 Nc6 5. 0-0 e6 6. d4 Be7 7. Nbd2 Nb4 8. Ne1 c5 9. c3 Nc6 10. Qb3 Qc7 11. Nef3 0-0 12. Ne5 cxd4 13. Nxc6 Qxc6 14. cxd4 Qa6 15. Re1 Rac8 16. Bf1 Qa5 17. a3 Rxc1 18. Raxc1 Qxd2 19. Red1 Qa5 20. Qxb7 Bd6 21. Qc6 Qd8 22. e3 Ne4 0-1

[Event "IECG CE.2002.0.00035 email"]
[Site "IECG email"]
[Date "2002.08.24"]
[Round "?"]
[White "Mackiewicz, Piotr"]
[Black "Poblete, Litos"]
[Result "1-0"]
[WhiteElo "1300"]
[BlackElo "1243"]
[PlyCount "95"]
[EventDate "2002.08.24"]
[EventType "tourn (corr)"]
[EventRounds "6"]
[SourceTitle "Corr 2008"]
[Source "ChessBase"]
[SourceDate "2008.06.24"]
[SourceVersion "1"]
[SourceVersionDate "2008.06.24"]
[SourceQuality "1"]

1. c4 Nf6 2. d4 e6 3. Nc3 d5 4. e3 Be7 5. Nf3 0-0 6. Bd3 dxc4 7. Bxc4 c5 8. 0-0 cxd4 9. exd4 Nbd7 10. Be3 Nb6 11. Bb3 Bd7 12. Qd3 Rc8 13. Ne5 Bc6 14. Rac1 Nbd5 15. Nxc6 Rxc6 16. Nxd5 Nxd5 17. Rxc6 bxc6 18. Bd2 Qb6 19. Rc1 c5 20. Rc4 cxd4 21. Qxd4 Qxd4 22. Rxd4 Bc5 23. Rc4 Bb6 24. Bd1 Rd8 25. Bf3 Kf8 26. g3 Ke8 27. b4 Ne7 28. Bc3 f6 29. a4 Rc8 30. Rxc8+ Nxc8 31. a5 Bc7 32. Kf1 Kd7 33. Ke2 Bb8 34. Kd3 Nd6 35. Bd4 e5 36. Bc5 f5 37. Bd5 g5 38. f3 h6 39. h3 Kc7 40. g4 fxg4 41. hxg4 Kd7 42. a6 Kc7 43. b5 Kd7 44. b6 Nc8 45. bxa7 Nxa7 46. Bf8 Bd6 47. Bxh6 Be7 48. Ke4 1-0

[Event "IECG CE.2002.0.00035 email"]
[Site "IECG email"]
[Date "2002.08.24"]
[Round "?"]
[White "Smith, Garrett L"]
[Black "Mackiewicz, Piotr"]
[Result "0-1"]
[WhiteElo "1250"]
[BlackElo "1300"]
[PlyCount "24"]
[EventDate "2002.08.24"]
[EventType "tourn (corr)"]
[EventRounds "6"]
[SourceTitle "Corr 2008"]
[Source "ChessBase"]
[SourceDate "2008.06.24"]
[SourceVersion "1"]
[SourceVersionDate "2008.06.24"]
[SourceQuality "1"]

1. e4 c5 2. Nf3 Nc6 3. d4 cxd4 4. Nxd4 Nf6 5. Nc3 e5 6. Ndb5 d6 7. Nd5 Nxd5 8. exd5 Ne7 9. c4 Ng6 10. Bd3 Be7 11. 0-0 a6 12. Nc3 f5 0-1